Statistics for Elemental Words #2

Click here to take the quiz!

General Stats

  • This quiz has been taken 545 times
  • The average score is 10 of 15

Answer Stats

Hint Answer % Correct
Boron + Oxygen + Xenon + SulfurBoxes
94%
Aluminum + Uranium + Manganese + IodineAlumni
87%
Francium + Iodine + ArgonFriar
82%
Bismuth + Potassium + ErbiumBiker
79%
Copper + Bismuth + CesiumCubics
77%
Scandium + Radium + Lead + Oxygen + Oxygen + PotassiumScrapbook
73%
Selenium + RutherfordiumSerf
70%
Tungsten + Aluminum + Ruthenium + SulphurWalrus
68%
Oxygen + Astatine + HassiumOaths
67%
Tungsten + Argon + Meitnerium + HydrogenWarmth
66%
Actinium + Cerium + PlatinumAccept
64%
Chromium + Osmium + Antimony + Oxygen + TungstenCrossbow
57%
Boron + Iridium + Dubnium + Astatine + HydrogenBirdbath
56%
Protactinium + Technicium + HydrogenPatch
51%
Boron + Astatine + Thallium + EinsteiniumBattles
41%

Score Distribution

Percentile by Number Answered

Percent of People with Each Score

Your Score History

You have not taken this quiz